000 00463nam a2200193Ia 4500
008 230725s xx 000 0 und d
041 _aeng
082 _a615.4
_bCAR
100 _aS.J.CARTER
245 _aCOOPER AND GUNN'S DISPENSING FOR PHARMACEUTICAL STUDENTS
250 _a12TH
260 _aDELHI
_bC.B.S. PUBLISHERS & DISTRUTORS
300 _a759
365 _h20
500 _aTEXT BOOK
501 _aPH
520 _aPB
650 _aPHARMACEUTICS
999 _c767290
_d767290